Every MLS CF Montreal goalscorer - Statistics

General Stats
  • This quiz has been taken 91 times
    4 since last reset
  • The average score is 8 of 110
Answer Stats
Year of first goal with the club Nationality Answer % Correct
2013 USA Blake Smith
50%
2015 Ivory Coast Didier Drogba
50%
2022 Sierra Leone Kei Kamara
50%
2020 Canada Samuel Piette
50%
2022 Canada Alistair Johnston
25%
2021 Norway Bjorn Johnsen
25%
2012 USA Davy Arnaud
25%
2021 USA Djordje Mihailovic
25%
2015 Ghana Dominic Oduro
25%
2023 USA George Campbell
25%
2012 France Hassoun Camara
25%
2025 Ukraine Hennadii Synchuk
25%
2014 Argentina Ignacio Piatti
25%
2022 Canada Ismaël Koné
25%
2022 Canada Joel Waterman
25%
2021 Canada Kamal Miller
25%
2019 Finland Lassi Lappalainen
25%
2015 Belgium Laurent Ciman
25%
2021 USA Mason Toye
25%
2021 Canada Mathieu Choinière
25%
2025 Ghana Prince Owusu
25%
2018 France Rod Fanni
25%
2020 Honduras Romell Quioto
25%
2021 Nigeria Sunusi Ibrahim
25%
2025 Canada Victor Loturi
25%
2020 Kenya Victor Wanyama
25%
2021 Egypt Ahmed Hamdi
0%
2018 Uruguay Alejandro Silva
0%
2021 Slovenia Aljaz Struna
0%
2020 USA Amar Sejdic
0%
2015 Cameroon Ambroise Oyongo
0%
2013 Italy Andrea Pisanu
0%
2013 Argentina Andres Romero
0%
2012 USA Andrew Wenger
0%
2016 Canada Anthony Jackson-Hamel
0%
2023 Costa Rica Ariel Lassiter
0%
2018 France Bacary Sagna
0%
2017 Canada Ballou Tabla
0%
2012 Italy Bernardo Corradi
0%
2017 Switzerland Blerim Dzemaili
0%
2019 Spain Bojan Krkic
0%
2023 USA Bryce Duke
0%
2024 USA Caden Clark
0%
2014 Scotland Calum Mallace
0%
2023 Nigeria Chinonso Offor
0%
2017 USA Chris Duvall
0%
2013 USA Collen Warner
0%
2026 Iceland Dagur Thorhallsson
0%
2013 Italy Daniele Paponi
0%
2018 USA Daniel Lovitz
0%
2026 Mexico Daniel Rios
0%
2025 Trinidad and Tobago Dante Sealy
0%
2014 USA Dilly Duka
0%
2024 Bulgaria Dominic Iankov
0%
2015 USA Donny Toia
0%
2025 Germany Fabian Herbers
0%
2012 Brazil Felipe Martins
0%
2024 Colombia Fernando Alvarez
0%
2025 Albania Giacomo Vrioni
0%
2019 Martinique Harry Novillo
0%
2016 USA Harry Shipp
0%
2016 Argentina Hernan Bernardello
0%
2026 Spain Ivan Jaime
0%
2014 USA Jack McInerney
0%
2025 USA Jalen Neal
0%
2013 USA Jeb Brovsky
0%
2018 Chile Jeisson Vargas
0%
2021 Argentina Joaquin Torres
0%
2015 Costa Rica Johan Venegas
0%
2024 Venezuela Josef Martinez
0%
2018 Finland Jukka Raitala
0%
2023 Canada Jules-Anthony Vilsaint
0%
2012 USA Justin Mapp
0%
2013 Canada Karl Ouimette
0%
2023 Ghana Kwadwo Opoku
0%
2015 Canada Kyle Bekker
0%
2017 USA Kyle Fisher
0%
2012 USA Lamar Neagle
0%
2025 Canada Luca Petrasso
0%
2016 Argentina Lucas Ontivero
0%
2012 Italy Marco Di Vaio
0%
2015 Italy Marco Donadel
0%
2024 Uruguay Matias Coccaro
0%
2021 USA Matko Miljevic
0%
2013 Italy Matteo Ferrari
0%
2016 Italy Matteo Mancosu
0%
2026 England Matty Longstaff
0%
2019 Argentina Maximiliano Urruti
0%
2013 Canada Maxim Tissot
0%
2016 Belize Michael Salazar
0%
2018 Uganda Mike Azira
0%
2024 Canada Nathan Saliba
0%
2025 Guatemala Olger Escobar
0%
2019 Panama Omar Browne
0%
2019 Nigeria Orji Okwonkwo
0%
2012 Canada Patrice Bernier
0%
2018 USA Quincy Amarikwa
0%
2018 Canada Raheem Edwards
0%
2024 Brazil Ruan
0%
2019 France Rudy Camacho
0%
2012 Gambia Sanna Nyassi
0%
2018 Algeria Saphir Taïder
0%
2019 Bangladesh Shamit Shome
0%
2012 Bosnia and Herzegovina Sinisa Ubiparipovic
0%
2024 England Tom Pearce
0%
2015 Canada Wandrille Lefèvre
0%
2026 Venezuela Wikelman Carmona
0%
2021 Canada Zachary Brault-Guillard
0%
2019 France Zakaria Diallo
0%
2012 Puerto Rico Zarek Valentin
0%
No matching quizzes found
Score Distribution
Percent of People with Each Score
Percentile by Number Answered
Your Score History
You have not taken this quiz since the last reset